1601 1395 1996 1030 1564 1390 1961 1986 1036 1777 2000 1885 1253 1259 1063 1605 1597 1138 1749 1967 1140 1996 1798 1751 1195 1174 1113 1585 1957 1966 1476 1685 1570 1665 1991 1632 1989 1232 1608 1621 1511 1999 1853 1992 1428 1830 1527 1976 1337 1416 1272 1459 1675 1046 1676 1085 1462 1810 1667 1124 1759 1999 1469 1383 1614 1134 1847 1146 1285 1805 1861 1146 1975 1637 1758 1737 1716 1803 1709 1991 1985 1209 1719 1354 1548 1965 1049 1732 1068 1665 1130 1343 1136 1030 1331 1168 1146 1148 1732 BCNSPRNW ULIB Ver.6.0+V

เปลี่ยนเป็นภาษาไทย

Change to English
 แสดงรายละเอียดบรรณานุกรม
  กลับหน้าหลัก

Brief Record : Get Marc (ISO 2709) : E-mail record : QR code < ปิดหน้าต่าง
LEADER : 00000nam 2200000uu 4500
001    13399122113
003     ULIB
008    121227s2551||||th 000 0 tha d
020    ^a9789741383696
090    ^aนว.^bพ626จ
100 0  ^aพาสเวิร์ด
245 00 ^aเจ้าหัวใจทะเลทราย/^cพาสเวิร์ด
250    ^aพิมพ์ครั้งที่ 3
260    ^aกรุงเทพฯ :^bอักษรศาสตร์ พับลิเคชั่น,^c2551
300    ^a267 หน้า
945    ^p229^l0^i023613
995    ^aวิภา
999 ^a ใช้งานได้ทุกระบบ
รายการนี้ยังไม่มีแท็ก
คุณยังไม่ได้ล็อกอิน คุณสามารถมีกิจกรรมร่วมกับเว็บไซต์ได้ แต่ต้องล็อกอินก่อน ::
  ล็อกอิน

รายการสื่อสารสนเทศ

ลำดับที่ ประเภท เลขเรียก/บาร์โค้ด สถานที่ สถานะ
1. นวนิยาย
นวนิยาย
นว. พ626จ  
  Barcode: 023613
ห้องสมุดวิทยาเขตสวรรค์ประชารักษ์
►นวนิยาย
ถูกยืม กำหนดส่งวันที่ 5 ธันวาคม 2561
  จอง

รายการใกล้เคียง
    ผู้แต่ง [พาสเวิร์ด]

BibComment


ยังไม่เคยถูกคอมเมนท์

คอมเมนท์ทรัพยากรรายการนี้
  คอมเมนท์: เจ้าหัวใจทะเลทรา..


 Copyright 2026. Bcnsprnw @Library